| 000 | 00000nam##2200000za#4500 |
| 001 | 9.694063 |
| 003 | CaOODSP |
| 005 | 20230117131523 |
| 007 | cr ||||||||||| |
| 008 | 150407|2006||||xxc|||||o f|0| 0 eng|d |
| 040 | |aCaOODSP|beng |
| 043 | |an-cn--- |
| 086 | 1 |aJL2-76/2006E-PDF |
| 110 | 2 |aLaw Commission of Canada. |
| 245 | 10|aUnsettled - legal and policy barriers for newcomers to Canada / |h[electronic resource]|cby Sarah V. Wayland. |
| 246 | 1 |iAt head of title : |aBuilding capacity for social justice |
| 260 | |aOttawa - Ontario : |bLaw Commission of Canada |cc2006. |
| 300 | |a63p.|btables |
| 500 | |a"A Joint Initiative of Community Foundations of Canada and the Law Commission of Canada". |
| 590 | |a10-15-Supp|b2010-12-10 |
| 690 | 07|aImmigrants|2gcpds |
| 690 | 07|aSocial equity|2gcpds |
| 720 | 1 |aWayland, Sarah V. |
| 775 | 08|tS'établir au Canada? Entraves politiques et juridiques / |w(CaOODSP)9.638240 |
| 856 | 40|ahttp://publications.gc.ca|qPDF|s491 KB|uhttps://publications.gc.ca/collections/collection_2010/justice/JL2-76-2006-eng.pdf |